000 00590cam a22002053a 4500
001 42926
003 PGUSA
005 20140828083956.0
008 130612s2013||||xxu|||||s|||||000 | eng d
040 _aPGUSA
_beng
042 _adc
100 1 _aSwan, Annie S.
_q(Annie Shepherd),
_d1859-1943
245 1 4 _aThe Last of Their Race
_h[electronic resource] /
_cAnnie S. Swan
260 _bProject Gutenberg,
_c2013
506 _aPublic domain in the USA.
516 _aElectronic text
830 0 _aProject Gutenberg
_v42926
856 4 0 _uhttp://www.gutenberg.org/ebooks/42926
942 _cEB
999 _c272178
_d272178